Pierre de Ronsard - Mignonne, allons voir si la rose - Statistiques

Statistiques générales
  • Ce quiz a été pris 61 fois
  • Le résultat moyen est 66 sur 99
Statistiques - réponses
% Correct
A
100%
a
100%
à
100%
allons
100%
la
100%
la
100%
la
100%
Mignonne,
100%
Mignonne,
100%
mignonne,
100%
rose
100%
voir
100%
si
98%
si
98%
ce
95%
d'
91%
de
91%
de
91%
matin
91%
matin
91%
Qui
88%
au
79%
au
79%
au
79%
avait
77%
Et
77%
Sa
72%
sa
72%
sa
72%
Les
70%
Ô
70%
elle
67%
en
67%
En
67%
Que
67%
que
67%
son
67%
vous
67%
cette
65%
cette
65%
déclose
65%
fleur
65%
fleur,
65%
beauté.
63%
du
63%
me
63%
Ses
63%
soir !
63%
vôtre
63%
votre
63%
votre
63%
votre
63%
comme
60%
Comme
60%
ne
60%
pareil.
60%
pourpre
60%
robe,
60%
robe
60%
soleil
60%
peu
58%
point
58%
dessus
56%
Las !
56%
Las !
56%
Las !
56%
perdu
56%
teint
56%
une
56%
Voyez
56%
dure
53%
laissé
53%
place,
53%
choir !
51%
croyez,
51%
Donc,
51%
espace,
51%
plus
51%
Cueillez,
49%
cueillez
49%
jeunesse :
49%
marâtre
49%
Nature,
49%
plis
49%
Puisqu'
49%
telle
49%
vêprée
49%
verte
49%
vieillesse
49%
âge
47%
fleuronne
47%
nouveauté,
47%
Tandis
47%
ternir
47%
vraiment
47%
beautés
44%
Fera
44%
pourprée,
44%
jusques
35%
Aucun quiz correspondant
Distribution des résultats
% des personnes avec chaque résultat
Percentile par nombre de réponses
Votre historique - résultats
Vous n’avez pas pris ce quiz